Caricamento...

Galeeliyoykku mumpum pimpum

Dettagli Bibliografici
Autore principale: Ittyachan, M. A.
Natura: Printed Book
Lingua:English
Pubblicazione: Kottayam Current Books 2005
Soggetti:
LEADER 00655nam a2200253 a 4500
001 adlib96000001
003 ViArRB
005 20151026132211.0
008 960221s1955 dcuabcdjdbkoqu001 0deng d
020 |a 81-240-1509-0 
022
040 |a Adlib 
082 |a 608.1=M 
245 |a Galeeliyoykku mumpum pimpum 
250
260 |a Kottayam  |b Current Books  |c 2005 
300 |a 136p. 
500 |a   
100 |a Ittyachan, M. A. 
700
942 |c BK  |6 _ 
653 |a Popular Science 
999 |c 43626  |d 43626 
952 |0 0  |1 0  |4 0  |6 6081M_ITTG  |7 0  |9 55800  |a UL  |b UL  |d 2010-06-16  |l 2  |o 608.1=M ITT/G  |p 00054778  |r 2011-11-26  |s 2011-11-24  |w 2010-06-16  |y BK